Principles of Navigation / (Record no. 256)

000 -LEADER
fixed length control field 00471nam a2200169Ia 4500
008 - FIXED-LENGTH DATA ELEMENTS--GENERAL INFORMATION
fixed length control field 190805s9999||||xx |||||||||||||| ||und||
020 ## - INTERNATIONAL STANDARD BOOK NUMBER
International Standard Book Number 9788110003586
Terms of availability Rs. 400.00
082 04 - DEWEY DECIMAL CLASSIFICATION NUMBER
Classification number 623.89
Item number Sa741
100 1# - MAIN ENTRY--PERSONAL NAME
Personal name Sarma, P. M.
245 10 - TITLE STATEMENT
Title Principles of Navigation /
250 ## - EDITION STATEMENT
Edition statement 5th ed.
260 ## - PUBLICATION, DISTRIBUTION, ETC. (IMPRINT)
Place of publication, distribution, etc Mumbai :
Name of publisher, distributor, etc Bhandarkar publications,
Date of publication, distribution, etc 2012
300 ## - PHYSICAL DESCRIPTION
Extent ix, 241 p.
Other physical details : ill.
Dimensions ; 26 cm.
650 #0 - SUBJECT ADDED ENTRY--TOPICAL TERM
Topical term or geographic name as entry element Navigation
852 ## - LOCATION/CALL NUMBER
Location
942 ## - ADDED ENTRY ELEMENTS (KOHA)
Item type Books
Holdings
Withdrawn status Lost status Damaged status Not for loan Collection code Permanent location Current location Shelving location Date acquired Source of acquisition Cost, normal purchase price Full call number Barcode Date last seen Koha item type Public note Total Checkouts Date last borrowed Source of classification or shelving scheme Total Renewals
        Nautical Science IMU Kochi Library IMU Kochi Library General Stacks 2017-07-26 Sterling Book House 400.00 623.89 Sa741 BK004382 2019-08-05 Books Gen. Shelf-14, Row-5        
        Nautical Science IMU Kochi Library IMU Kochi Library General Stacks 2017-07-26 Sterling Book House 400.00 623.89 Sa741 BK004381 2023-12-12 Books Gen. Shelf-14, Row-5 1 2023-12-12    
        Nautical Science IMU Kochi Library IMU Kochi Library General Stacks 2012-06-29 M/s Ross Marketing (Inv. No.037/12-13 Dt 2012-10-05) 350.00 623.89 Sa741 BK000471 2023-05-08 Books Gen. Shelf-14, Row-5 3 2023-04-20   1
        Nautical Science IMU Kochi Library IMU Kochi Library General Stacks 2012-06-29 M/s Ross Marketing (Inv. No.037/12-13 Dt 2012-10-05) 350.00 623.89 Sa741 BK000472 2025-02-25 Books Gen. Shelf-14, Row-5 1 2023-03-01    
        Nautical Science IMU Kochi Library IMU Kochi Library General Stacks 2012-06-29 M/s Ross Marketing (Inv. No.037/12-13 Dt 2012-10-05) 350.00 623.89 Sa741 BK000473 2025-06-10 Books Gen. Shelf-14, Row-5 1 2025-05-07   1
        Nautical Science IMU Kochi Library IMU Kochi Library General Stacks 2012-06-29 M/s Ross Marketing (Inv. No.037/12-13 Dt 2012-10-05) 350.00 623.89 Sa741 BK000474 2024-03-01 Books Gen. Shelf-14, Row-5 2 2024-02-15    


Copyright © All Rights Reserved by Indian Maritime University, Kochi Campus.
For any Suggestions/Query Contact to library or Email: library.kochi@imu.ac.in Ph:(0484)-2989402
(Web OPAC Designed by Rudra Ranjan. Maintained by IMU Kochi Library)

Powered by Koha